000 01348nam0a2200313 4500
001 RU\NLR\bibl\547264
005 20250609155629.0
021 _aRU
_b2004-13535п
_9571
035 _a(NLR Aleph) 000539464
090 _a1403665
_c1403665
100 _a20040826d2004 |||y0rusy50 ca
101 0 _arus
102 _aRU
105 _aac |||||||||
200 1 _aОПС-2004. Охранная и охранно-пожарная сигнализация. Периметральные системы
_eКат.
210 _aМ.
_cГротек
_d2004
215 _a144 с.
_cил., портр.
_d30
225 1 _aСистемы безопасности, связи и телекоммуникации
_vN 2, ч.2
606 0 _aПожарная сигнализация
_jКаталоги
_xАппараты и приборы
_91904706
_3RU\NLR\auth\66867447
606 0 _aСигнализация охранная
_jКаталоги
_xАппараты и приборы
_92071462
_3RU\NLR\auth\661246227
606 0 _aОхранная сигнализация
_jКаталоги
_xАппараты и приборы
_92226985
_3RU\NLR\auth\661336861
686 _aН960.2-571я87
686 _aЗ885.24-5я87
801 0 _aRU
_bNLR
_c20040826
_gPSBO
801 1 _aRU
_bNLR
_c20040826
852 _aNLR
_jП11/3852
942 _cBOOK
980 _aNB